000 00535nam a2200181 a 4500
001 1773220478410
003 YourLibrary
005 20260311144732.0
008 260311s1999##################000#0#eng##
020 _a9780834213142
082 0 4 _a362.16068
_bBUT
100 1 _aButtaro, Peter J.,
_eauthor.
245 1 0 _aStep-by-Step Guide to a Higher Score on the Nab Exam :
260 _bJones & Bartlett Publishers,
_c1999.
650 0 _aHealth services administrators.
942 _cENGLISH
040 _aYourLibrary
_beng
_cYourLibrary
999 _c617563
_d617563